000 01103pam a2200301 a 4500
001 579
005 20230822154640.0
008 930601r19941953nyuab j 000 1 eng
020 _a0060234954 :
020 _a0060234962 (lib. bdg.)
040 _aDLC
_cDLC
_dDLC
_beng
050 0 0 _aPZ7.L58474
_bSi 1994
082 0 0 _a[Fic]
_220
100 1 _aLewis, C. S.
_q(Clive Staples),
_d1898-1963.
245 1 4 _aThe silver chair /
_cC.S. Lewis ; illustrated by Pauline Baynes.
250 _aFirst Scholastic Printing, 1995
260 _aNew York :
_bScholastic,
_c1995.
300 _a243 pages :
_billustrations map ;
_c24 cm
490 1 _aThe Chronicles of Narnia ;
_vbook. 6
505 _aO
520 _aTwo English children undergo hair-raising adventures as they go on a search and rescue mission for the missing Prince Rilian, who is held captive in the underground kingdom of the Emerald Witch.
521 _a840
_bLexile
521 _aO
_bRaz-Plus
650 1 _aFantasy.
700 1 _aBaynes, Pauline,
_eillustrator.
906 _a7
_bcbc
_corignew
_d1
_eocip
_f19
_gy-gencatlg
942 _2ddc
_cBK
_n0
999 _c579
_d579